| 000 | 00644 a2200205 4500 | ||
|---|---|---|---|
| 082 |
_a025.3 _bV829c |
||
| 100 |
_aViswanathan, Caduveti Gurusutrahmanya 1907- _913385 |
||
| 245 | _aCataloguing theory and practice | ||
| 250 | _a4th ed. | ||
| 260 |
_aNew Delhi _bToday and Tomorrow's Printers and Publishers _c1970 |
||
| 300 | _axviii,359p. illus. | ||
| 504 | _aBibliography at the end of each chapter | ||
| 650 |
_aLibrary catalogue _92118 |
||
| 650 |
_aCataloguing rules _98321 |
||
| 650 |
_aBibliographic control _913299 |
||
| 650 |
_aCAtaloguing _9468 |
||
| 650 |
_aDocumentation _912805 |
||
| 653 | _aLibrary science | ||
| 942 |
_2ddc _cGEN |
||
| 999 |
_c55845 _d55841 |
||